[Event "11th 4NCL Congress Open"]
[Site "Harben House"]
[Date "2016.11.05"]
[Round "2.13"]
[White "Golding, Alex"]
[Black "Boswell, Jacob Connor"]
[Result "1-0"]
[BlackElo "1698"]
[WhiteElo "2080"]
[LiveChessVersion "1.4.8"]

1. d4 {[%clk 1:30:49]} f5 {[%clk 1:30:52]} 2. c4 {[%clk 1:31:05]} e6
{[%clk 1:31:07]} 3. Nc3 {[%clk 1:31:26]} Nf6 {[%clk 1:31:30]} 4. Nf3
{[%clk 1:31:39]} Be7 {[%clk 1:30:57]} 5. Bg5 {[%clk 1:31:14]} Ne4
{[%clk 1:30:12]} 6. Bxe7 {[%clk 1:31:19]} Qxe7 {[%clk 1:30:27]} 7. Qc2
{[%clk 1:31:33]} Nxc3 {[%clk 1:29:54]} 8. Qxc3 {[%clk 1:31:51]} d6
{[%clk 1:28:46]} 9. e3 {[%clk 1:29:57]} O-O {[%clk 1:25:58]} 10. Be2
{[%clk 1:28:35]} Nd7 {[%clk 1:24:12]} 11. O-O-O {[%clk 1:27:26]} b6
{[%clk 1:13:49]} 12. Nd2 {[%clk 1:26:32]} Bb7 {[%clk 1:12:45]} 13. f3
{[%clk 1:25:55]} e5 {[%clk 1:11:01]} 14. Rde1 {[%clk 1:23:06]} Qf6
{[%clk 1:08:46]} 15. Bd3 {[%clk 1:21:00]} Rae8 {[%clk 1:06:08]} 16. d5
{[%clk 1:20:41]} Nc5 {[%clk 1:05:00]} 17. e4 {[%clk 1:19:27]} Qg5
{[%clk 0:49:45]} 18. Rhg1 {[%clk 1:16:11]} Qh4 {[%clk 0:47:45]} 19. exf5
{[%clk 1:15:46]} Qxh2 {[%clk 0:42:02]} 20. Kb1 {[%clk 1:14:39]} Qf4
{[%clk 0:27:13]} 21. Be4 {[%clk 1:14:22]} Ba6 {[%clk 0:22:39]} 22. g3
{[%clk 1:13:35]} Qg5 {[%clk 0:22:54]} 23. g4 {[%clk 1:11:09]} b5 {[%clk 0:22:26]}
24. cxb5 {[%clk 1:09:03]} Bxb5 {[%clk 0:22:08]} 25. Bc2 {[%clk 1:07:32]} Rb8
{[%clk 0:20:14]} 26. Rh1 {[%clk 1:04:25]} Ba4 {[%clk 0:18:46]} 27. Ne4
{[%clk 1:04:01]} Bxc2+ {[%clk 0:18:43]} 28. Qxc2 {[%clk 1:04:23]} Nxe4
{[%clk 0:19:01]} 29. Rxe4 {[%clk 1:04:47]} Rb5 {[%clk 0:18:41]} 30. Re2
{[%clk 1:02:06]} Rc5 {[%clk 0:16:36]} 31. Qd3 {[%clk 1:01:58]} Rb8
{[%clk 0:16:28]} 32. a4 {[%clk 0:59:25]} h6 {[%clk 0:16:48]} 33. Re4
{[%clk 0:59:31]} Qf6 {[%clk 0:16:07]} 34. Rh2 {[%clk 0:57:49]} Qf7
{[%clk 0:16:26]} 35. Rd2 {[%clk 0:58:13]} a5 {[%clk 0:15:38]} 36. f4
{[%clk 0:56:34]} exf4 {[%clk 0:14:44]} 37. Re6 {[%clk 0:56:41]} c6
{[%clk 0:10:04]} 38. dxc6 {[%clk 0:56:38]} Rxc6 {[%clk 0:10:18]} 39. Rde2
{[%clk 0:56:31]} Rcb6 {[%clk 0:10:22]} 40. Qd5 {[%clk 0:56:43]} Rf8
{[%clk 0:09:00]} 41. Qxa5 {[%clk 0:56:29]} Rb3 {[%clk 0:06:27]} 42. Qd5
{[%clk 0:55:46]} Rg3 {[%clk 0:04:59]} 43. Rg2 {[%clk 0:54:57]} Re3
{[%clk 0:04:20]} 44. Rxd6 {[%clk 0:55:12]} f3 {[%clk 0:03:36]} 45. Rf2
{[%clk 0:55:30]} Qxd5 {[%clk 0:02:52]} 46. Rxd5 {[%clk 0:55:53]} Re4
{[%clk 0:02:05]} 47. a5 {[%clk 0:56:17]} Rf4 {[%clk 0:02:06]} 48. b3
{[%clk 0:55:40]} Ra8 {[%clk 0:01:29]} 49. Kb2 {[%clk 0:55:56]} Kf7
{[%clk 0:01:35]} 50. Ka3 {[%clk 0:56:03]} Kf6 {[%clk 0:01:57]} 51. b4
{[%clk 0:55:57]} Kg5 {[%clk 0:02:21]} 52. f6+ {[%clk 0:56:10]} Kxg4
{[%clk 0:02:04]} 53. fxg7 {[%clk 0:56:32]} Kg3 {[%clk 0:01:36]} 54. Rdd2
{[%clk 0:56:55]} Rg8 {[%clk 0:02:00]} 55. Ka4 {[%clk 0:57:11]} Rxg7
{[%clk 0:02:24]} 56. a6 {[%clk 0:57:35]} Rgg4 {[%clk 0:02:22]} 57. Rb2
{[%clk 0:57:21]} Rxb4+ {[%clk 0:01:53]} 58. Rxb4 {[%clk 0:57:45]} Rxb4+
{[%clk 0:02:19]} 59. Kxb4 {[%clk 0:58:09]} Kxf2 {[%clk 0:02:45]} 60. a7
{[%clk 0:58:34]} Kg1 {[%clk 0:03:00]} 61. a8=Q {[%clk 0:58:59]} f2
{[%clk 0:03:18]} 62. Qg8+ {[%clk 0:59:23]} Kh2 {[%clk 0:03:18]} 63. Qf7
{[%clk 0:59:48]} Kg1 {[%clk 0:03:27]} 64. Qg6+ {[%clk 1:00:14]} Kh2
{[%clk 0:02:20]} 65. Qh5+ {[%clk 1:00:37]} Kg1 {[%clk 0:02:31]} 66. Qg4+
{[%clk 1:01:03]} Kf1 {[%clk 0:02:39]} 67. Kc3 {[%clk 1:01:19]} h5
{[%clk 0:03:06]} 68. Qh3+ {[%clk 1:01:36]} Kg1 {[%clk 0:03:26]} 69. Qg3+
{[%clk 1:02:02]} Kf1 {[%clk 0:03:52]} 70. Kd2 {[%clk 1:02:23]} h4
{[%clk 0:04:03]} 71. Qh3+ {[%clk 1:02:46]} Kg1 {[%clk 0:04:19]} 72. Ke2
{[%clk 1:03:09]} 1-0

[Event "11th 4NCL Congress Open"]
[Site "Harben House"]
[Date "2016.11.05"]
[Round "2.14"]
[White "Mason, Donald J"]
[Black "Greet, Andrew N"]
[Result "0-1"]
[BlackElo "2464"]
[WhiteElo "2157"]
[LiveChessVersion "1.4.8"]

1. c4 {[%clk 1:30:57]} e5 {[%clk 1:30:53]} 2. Nc3 {[%clk 1:31:17]} Bb4
{[%clk 1:31:15]} 3. Nd5 {[%clk 1:31:29]} Bc5 4. e3 {[%clk 1:28:12]} Nf6
{[%clk 1:31:37]} 5. Ne2 {[%clk 1:22:54]} Nxd5 {[%clk 1:25:13]} 6. cxd5
{[%clk 1:23:03]} c6 {[%clk 1:24:12]} 7. Nc3 {[%clk 1:13:15]} O-O {[%clk 1:21:51]}
8. Be2 {[%clk 1:07:57]} cxd5 {[%clk 1:21:35]} 9. Nxd5 {[%clk 1:07:36]} Nc6
{[%clk 1:21:59]} 10. O-O {[%clk 1:04:13]} d6 {[%clk 1:22:11]} 11. b3
{[%clk 0:55:09]} Be6 {[%clk 1:21:44]} 12. Nc3 {[%clk 0:54:26]} d5
{[%clk 1:20:53]} 13. d3 {[%clk 0:52:43]} d4 {[%clk 1:18:02]} 14. Na4
{[%clk 0:45:45]} Be7 {[%clk 1:15:18]} 15. Bd2 {[%clk 0:39:42]} Rc8
{[%clk 1:11:08]} 16. Rc1 {[%clk 0:33:13]} Ba3 {[%clk 1:10:33]} 17. Rc2
{[%clk 0:33:14]} Qd6 {[%clk 1:07:48]} 18. e4 {[%clk 0:27:20]} b5 {[%clk 1:07:51]}
19. Nb2 {[%clk 0:27:48]} Nb4 {[%clk 1:07:35]} 0-1

[Event "11th 4NCL Congress Open"]
[Site "Harben House"]
[Date "2016.11.05"]
[Round "2.15"]
[White "Tate, Alan"]
[Black "Cumming, Rhys"]
[Result "1/2-1/2"]
[BlackElo "2154"]
[WhiteElo "2376"]
[LiveChessVersion "1.4.8"]

1. e4 {[%clk 1:30:56]} e5 {[%clk 1:30:53]} 2. Nf3 {[%clk 1:31:20]} Nc6
{[%clk 1:31:16]} 3. Bc4 {[%clk 1:31:32]} Nf6 {[%clk 1:31:30]} 4. d3
{[%clk 1:31:51]} Be7 {[%clk 1:31:41]} 5. O-O {[%clk 1:32:08]} O-O
{[%clk 1:31:59]} 6. Re1 {[%clk 1:32:07]} d6 {[%clk 1:32:13]} 7. a4
{[%clk 1:32:23]} Kh8 {[%clk 1:31:36]} 8. Nc3 {[%clk 1:31:13]} Bg4
{[%clk 1:28:27]} 9. h3 {[%clk 1:28:10]} Bh5 {[%clk 1:28:49]} 10. Be3
{[%clk 1:13:51]} Qd7 {[%clk 1:10:22]} 11. Nd5 {[%clk 1:05:21]} Nd4
{[%clk 0:37:21]} 12. Bxd4 {[%clk 1:03:40]} exd4 {[%clk 0:35:54]} 13. Nf4
{[%clk 0:55:39]} Bxf3 {[%clk 0:31:20]} 14. Qxf3 {[%clk 0:56:05]} a6
{[%clk 0:27:56]} 15. Ne2 {[%clk 0:46:56]} c5 {[%clk 0:27:07]} 16. Ng3
{[%clk 0:47:00]} g6 {[%clk 0:20:37]} 17. e5 {[%clk 0:43:02]} dxe5
{[%clk 0:19:52]} 18. Rxe5 {[%clk 0:43:29]} Rae8 {[%clk 0:18:51]} 19. Rae1
{[%clk 0:40:53]} Kg7 {[%clk 0:13:32]} 20. Ne4 {[%clk 0:39:42]} Rc8
{[%clk 0:11:38]} 21. Ng5 {[%clk 0:30:24]} Bd6 {[%clk 0:09:42]} 22. R5e2
{[%clk 0:30:52]} h6 {[%clk 0:04:21]} 23. Ne4 {[%clk 0:27:43]} Nxe4
{[%clk 0:04:46]} 24. Qxe4 {[%clk 0:20:11]} Rc7 {[%clk 0:05:08]} 25. a5
{[%clk 0:16:03]} Qd8 {[%clk 0:04:38]} 26. Qf3 {[%clk 0:05:00]} Rd7
{[%clk 0:04:23]} 27. g3 {[%clk 0:04:58]} Qxa5 {[%clk 0:03:53]} 28. h4
{[%clk 0:04:51]} Qd8 {[%clk 0:03:30]} 29. h5 {[%clk 0:04:44]} g5 {[%clk 0:03:09]}
30. Qf5 {[%clk 0:04:49]} b5 {[%clk 0:00:37]} 31. Bd5 {[%clk 0:04:34]} Rc7
{[%clk 0:00:32]} 32. Be4 {[%clk 0:04:02]} Rh8 {[%clk 0:00:47]} 33. Bd5
{[%clk 0:02:46]} Qf6 {[%clk 0:01:10]} 34. Qg4 {[%clk 0:02:46]} Rd8
{[%clk 0:01:05]} 35. Be4 {[%clk 0:01:44]} Re7 {[%clk 0:00:56]} 36. b3
{[%clk 0:01:59]} a5 {[%clk 0:00:38]} 37. f4 {[%clk 0:01:07]} Kh8 {[%clk 0:00:57]}
38. fxg5 {[%clk 0:00:51]} Qxg5 {[%clk 0:01:25]} 39. Qxg5 {[%clk 0:01:14]} hxg5
{[%clk 0:01:49]} 40. Kg2 {[%clk 0:01:02]} Rde8 {[%clk 0:00:55]} 41. Rf1
{[%clk 0:01:19]} Kg7 {[%clk 0:00:44]} 42. h6+ {[%clk 0:01:41]} Kxh6
{[%clk 0:00:33]} 43. Rf6+ {[%clk 0:01:32]} Kg7 {[%clk 0:00:56]} 44. Rxd6
{[%clk 0:01:15]} f5 {[%clk 0:01:19]} 45. Rd5 {[%clk 0:01:17]} fxe4
{[%clk 0:01:42]} 46. dxe4 {[%clk 0:00:58]} Rxe4 {[%clk 0:01:53]} 47. Rxe4
{[%clk 0:01:22]} Rxe4 {[%clk 0:02:21]} 48. Rxg5+ {[%clk 0:01:27]} Kf6
{[%clk 0:02:18]} 49. Rxc5 {[%clk 0:01:53]} Re5 {[%clk 0:01:59]} 50. Rc8
{[%clk 0:01:18]} a4 {[%clk 0:01:45]} 51. bxa4 {[%clk 0:01:25]} bxa4
{[%clk 0:02:08]} 52. Ra8 {[%clk 0:01:31]} Re2+ {[%clk 0:02:15]} 1/2-1/2

[Event "11th 4NCL Congress Open"]
[Site "Harben House"]
[Date "2016.11.05"]
[Round "2.16"]
[White "Lewis, Andrew P"]
[Black "Jarmany, John"]
[Result "1-0"]
[BlackElo "2139"]
[WhiteElo "2301"]
[LiveChessVersion "1.4.8"]

1. c4 {[%clk 1:30:55]} c6 {[%clk 1:30:58]} 2. Nf3 {[%clk 1:31:10]} d5
{[%clk 1:31:17]} 3. d4 {[%clk 1:31:27]} Nf6 {[%clk 1:31:44]} 4. Nc3
{[%clk 1:31:41]} dxc4 {[%clk 1:31:56]} 5. a4 {[%clk 1:31:38]} Bf5
{[%clk 1:32:09]} 6. e3 {[%clk 1:31:38]} e6 {[%clk 1:32:31]} 7. Bxc4
{[%clk 1:31:38]} Bb4 {[%clk 1:32:52]} 8. O-O {[%clk 1:31:40]} Nbd7
{[%clk 1:33:13]} 9. Qe2 {[%clk 1:31:26]} O-O {[%clk 1:33:19]} 10. e4
{[%clk 1:31:28]} Bg6 {[%clk 1:33:45]} 11. Bd3 {[%clk 1:31:18]} Bh5
{[%clk 1:33:28]} 12. e5 {[%clk 1:31:15]} Nd5 {[%clk 1:33:54]} 13. Nxd5
{[%clk 1:31:11]} cxd5 {[%clk 1:34:21]} 14. Qe3 {[%clk 1:30:52]} Re8
{[%clk 1:34:21]} 15. a5 {[%clk 1:28:06]} a6 {[%clk 1:26:03]} 16. Bd2
{[%clk 1:24:50]} Be7 {[%clk 1:26:27]} 17. b4 {[%clk 1:15:21]} b5 {[%clk 1:26:09]}
18. Rfc1 {[%clk 1:01:25]} Rc8 {[%clk 1:23:12]} 19. Be2 {[%clk 0:51:19]} Nb8
{[%clk 0:54:02]} 20. h3 {[%clk 0:26:29]} Bxf3 {[%clk 0:44:36]} 21. Bxf3
{[%clk 0:24:17]} Qd7 {[%clk 0:45:00]} 22. Rcb1 {[%clk 0:13:04]} Nc6
{[%clk 0:33:26]} 23. Rb3 {[%clk 0:11:45]} Qa7 {[%clk 0:26:56]} 24. Bc3
{[%clk 0:11:20]} Qd7 {[%clk 0:18:24]} 25. Rd1 {[%clk 0:11:04]} Rc7
{[%clk 0:18:39]} 26. Be2 {[%clk 0:10:15]} Rec8 {[%clk 0:18:48]} 27. Be1
{[%clk 0:07:54]} Bf8 {[%clk 0:17:36]} 28. h4 {[%clk 0:07:41]} Be7
{[%clk 0:16:46]} 29. h5 {[%clk 0:07:29]} f6 {[%clk 0:12:11]} 30. f4
{[%clk 0:05:40]} f5 {[%clk 0:06:27]} 31. g4 {[%clk 0:05:15]} Nd8 {[%clk 0:06:54]}
32. gxf5 {[%clk 0:04:53]} exf5 {[%clk 0:07:22]} 33. Bd3 {[%clk 0:05:02]} Qe6
{[%clk 0:05:58]} 34. Qh3 {[%clk 0:02:09]} g6 {[%clk 0:06:23]} 35. Be2
{[%clk 0:01:15]} Rc2 {[%clk 0:02:37]} 36. Kf1 {[%clk 0:01:01]} Kg7
{[%clk 0:01:41]} 37. hxg6 {[%clk 0:01:12]} hxg6 {[%clk 0:01:58]} 38. Rg3
{[%clk 0:01:41]} Nf7 {[%clk 0:02:19]} 39. Bd3 {[%clk 0:01:41]} Rh8
{[%clk 0:02:23]} 40. Qxh8+ {[%clk 0:01:38]} Kxh8 {[%clk 0:02:23]} 41. Bxc2
{[%clk 0:02:06]} Nh6 {[%clk 0:02:29]} 42. Bd3 {[%clk 0:01:23]} Qc6
{[%clk 0:01:24]} 43. Bd2 {[%clk 0:01:15]} Qc8 {[%clk 0:00:50]} 44. Rc1
{[%clk 0:01:23]} Qf8 {[%clk 0:01:16]} 45. Rxg6 {[%clk 0:01:01]} Bxb4
{[%clk 0:00:45]} 46. Bxb4 {[%clk 0:00:38]} Qxb4 {[%clk 0:01:08]} 47. Rxh6+
{[%clk 0:01:05]} Kg7 {[%clk 0:01:33]} 48. Rxa6 {[%clk 0:00:43]} Qe7
{[%clk 0:01:04]} 49. Rb6 {[%clk 0:00:43]} Qa7 {[%clk 0:01:03]} 50. Rcc6
{[%clk 0:00:47]} Kg8 {[%clk 0:00:49]} 51. a6 {[%clk 0:00:46]} b4 {[%clk 0:00:43]}
52. Rc8+ {[%clk 0:00:57]} 1-0

[Event "11th 4NCL Congress"]
[Site "Milton Keynes"]
[Date "2016.11.05"]
[Round "2.17"]
[White "Clarke, Brandon Gi"]
[Black "Rowan, Daniel"]
[Result "1-0"]
[WhiteElo "2288"]
[BlackElo "1818"]
[PlyCount "61"]
[EventDate "2016.11.04"]

1. e4 c5 2. Nf3 e6 3. d4 cxd4 4. Nxd4 Nc6 5. Nc3 Qc7 6. Be3 a6 7. Qd2 Nf6 8.
O-O-O Be7 9. f3 h5 10. Nb3 d6 11. Kb1 b5 12. Bxb5 axb5 13. Nxb5 Qb8 14. Nxd6+
Qxd6 15. Qxd6 Bxd6 16. Rxd6 Nb4 17. a3 Na6 18. Rhd1 O-O 19. Bg5 Ra7 20. c4 Rc7
21. Na5 Nc5 22. Bxf6 gxf6 23. b4 Na4 24. Kc2 Ra7 25. Rd8 Ba6 26. Rxf8+ Kxf8 27.
Rd8+ Kg7 28. Kb3 Nb6 29. c5 Na8 30. Nc6 Rc7 31. Nd4 1-0

[Event "11th 4NCL Congress"]
[Site "Milton Keynes"]
[Date "2016.11.05"]
[Round "2.18"]
[White "Okhai, Shabir"]
[Black "Jones, Steven A"]
[Result "0-1"]
[WhiteElo "2072"]
[BlackElo "2215"]
[PlyCount "122"]
[EventDate "2016.11.04"]

1. e4 c5 2. Nf3 d6 3. c3 Nf6 4. h3 Nc6 5. Bd3 g6 6. Bc2 Bg7 7. O-O Nd7 8. d4
cxd4 9. cxd4 Qb6 10. Nc3 Nxd4 11. Nxd4 Qxd4 12. Qxd4 Bxd4 13. Nb5 Bb6 14. Bh6
Ne5 15. Kh1 Bd7 16. Nc3 Rc8 17. Rac1 Bd4 18. Bb1 Rg8 19. Nd1 Rxc1 20. Bxc1 Bb5
21. Re1 Bd3 22. Be3 Bxe3 23. Nxe3 Kd7 24. Ng4 Nxg4 25. hxg4 Bxb1 26. Rxb1 Rc8
27. Kh2 Rc4 28. f3 Rc2 29. Kg3 g5 30. a3 b5 31. b4 Rc3 32. Ra1 a6 33. Ra2 e6
34. Kf2 d5 35. exd5 exd5 36. Ke2 Kd6 37. Kd2 d4 38. a4 Rb3 39. axb5 axb5 40.
Ra7 Ke6 41. Rb7 Rxb4 42. Kd3 h6 43. Ke4 Kf6 44. Rb6+ Kg7 45. Kd3 Rb2 46. Kxd4
Rxg2 47. Rxb5 Re2 48. Kd3 Re6 49. Kd2 Kg6 50. Ra5 f6 51. Kd3 h5 52. f4 Re8 53.
fxg5 hxg4 54. gxf6 Kxf6 55. Kd4 Re7 56. Rb5 g3 57. Rb3 Rg7 58. Rb1 Kf5 59. Ke3
Kg4 60. Ke2 Kh3 61. Rb3 Kh2 0-1

[Event "11th 4NCL Congress Open"]
[Site "Harben House"]
[Date "2016.11.05"]
[Round "3.1"]
[White "Hebden, Mark L"]
[Black "Fernandez, Daniel H"]
[Result "0-1"]
[BlackElo "2450"]
[WhiteElo "2491"]
[LiveChessVersion "1.4.8"]

1. d4 {[%clk 1:30:55]} d5 {[%clk 1:28:12]} 2. Nf3 {[%clk 1:31:07]} Nf6
{[%clk 1:24:14]} 3. c4 {[%clk 1:30:58]} c6 {[%clk 1:23:44]} 4. e3
{[%clk 1:31:15]} Bg4 {[%clk 1:22:41]} 5. h3 {[%clk 1:31:27]} Bxf3
{[%clk 1:20:42]} 6. Qxf3 {[%clk 1:31:48]} e6 {[%clk 1:20:44]} 7. Nc3
{[%clk 1:29:23]} a6 {[%clk 1:20:04]} 8. Bd2 {[%clk 1:27:05]} Be7 {[%clk 1:17:50]}
9. Rc1 {[%clk 1:23:44]} Nbd7 {[%clk 1:16:10]} 10. cxd5 {[%clk 1:22:37]} cxd5
{[%clk 1:16:26]} 11. Bd3 {[%clk 1:22:50]} O-O {[%clk 1:16:41]} 12. O-O
{[%clk 1:22:53]} Nb6 {[%clk 1:15:10]} 13. e4 {[%clk 1:17:46]} dxe4
{[%clk 1:14:31]} 14. Nxe4 {[%clk 1:17:59]} Nbd5 {[%clk 1:13:49]} 15. Nxf6+ Bxf6
{[%clk 1:14:16]} 16. Qe4 {[%clk 1:15:33]} g6 {[%clk 1:14:31]} 17. Bh6
{[%clk 1:15:53]} Bg7 {[%clk 1:11:10]} 18. Bxg7 {[%clk 1:15:59]} Kxg7
{[%clk 1:11:38]} 19. Bc4 {[%clk 1:16:09]} Rc8 {[%clk 1:08:33]} 20. Rfd1
{[%clk 1:13:51]} Qd6 {[%clk 1:01:21]} 21. Bxd5 {[%clk 1:13:30]} exd5
{[%clk 1:01:44]} 22. Qe5+ {[%clk 1:13:10]} Qxe5 {[%clk 1:02:11]} 23. dxe5
{[%clk 1:13:33]} Rc6 {[%clk 1:00:57]} 24. Rxc6 {[%clk 1:11:39]} bxc6
{[%clk 1:01:26]} 25. Rc1 {[%clk 1:11:58]} Rc8 {[%clk 1:01:01]} 26. Rc5
{[%clk 1:11:10]} f6 {[%clk 1:00:51]} 27. exf6+ {[%clk 1:10:22]} Kxf6
{[%clk 1:01:19]} 28. Kf1 {[%clk 1:10:26]} Ke5 {[%clk 1:01:24]} 29. b4
{[%clk 1:10:29]} Kd6 {[%clk 0:56:27]} 30. Ra5 {[%clk 1:06:41]} Ra8
{[%clk 0:56:39]} 31. Ke2 {[%clk 1:02:06]} Kc7 {[%clk 0:56:55]} 32. f3
{[%clk 0:57:37]} Kb6 {[%clk 0:56:11]} 33. a3 {[%clk 0:54:33]} Re8+
{[%clk 0:55:33]} 34. Kd2 {[%clk 0:54:42]} g5 {[%clk 0:51:33]} 35. Rc5
{[%clk 0:54:21]} h5 {[%clk 0:50:25]} 36. g3 {[%clk 0:53:36]} h4 {[%clk 0:46:50]}
37. gxh4 {[%clk 0:43:45]} gxh4 {[%clk 0:47:17]} 38. Rc3 {[%clk 0:43:51]} Rg8
{[%clk 0:46:03]} 39. Ke3 {[%clk 0:42:24]} Rg3 {[%clk 0:44:34]} 40. Kf4
{[%clk 0:42:40]} Kc7 {[%clk 0:44:30]} 41. Re3 {[%clk 0:41:21]} Kd7
{[%clk 0:39:34]} 42. Re5 {[%clk 0:41:13]} Rxh3 {[%clk 0:39:42]} 43. Rh5
{[%clk 0:41:15]} Rh1 {[%clk 0:34:36]} 44. Rh7+ {[%clk 0:33:56]} Kd6
{[%clk 0:32:16]} 45. Rh6+ {[%clk 0:34:13]} Kc7 {[%clk 0:30:37]} 46. Rh7+
{[%clk 0:34:08]} Kd6 {[%clk 0:31:05]} 47. Rh6+ {[%clk 0:33:37]} Kc7
{[%clk 0:31:34]} 48. Rh7+ {[%clk 0:33:58]} Kb6 {[%clk 0:30:59]} 49. Kg4
{[%clk 0:34:14]} a5 {[%clk 0:24:46]} 50. bxa5+ {[%clk 0:33:37]} Kxa5
{[%clk 0:25:13]} 51. Rxh4 {[%clk 0:33:35]} Rxh4+ {[%clk 0:24:02]} 52. Kxh4
{[%clk 0:33:54]} d4 {[%clk 0:24:14]} 53. Kg3 {[%clk 0:34:05]} Ka4
{[%clk 0:24:42]} 0-1

[Event "11th 4NCL Congress Open"]
[Site "Harben House"]
[Date "2016.11.05"]
[Round "3.2"]
[White "Pert, Nicholas"]
[Black "Haria, Ravi"]
[Result "1-0"]
[BlackElo "2383"]
[WhiteElo "2566"]
[LiveChessVersion "1.4.8"]

1. d4 {[%clk 1:30:09]} e6 {[%clk 1:30:48]} 2. Nf3 {[%clk 1:30:30]} Nf6
{[%clk 1:30:50]} 3. Bf4 {[%clk 1:30:51]} c5 {[%clk 1:30:56]} 4. e3
{[%clk 1:31:12]} b6 {[%clk 1:30:45]} 5. Nbd2 {[%clk 1:30:53]} Bb7
{[%clk 1:30:49]} 6. Bd3 {[%clk 1:29:48]} Be7 {[%clk 1:30:55]} 7. h3
{[%clk 1:30:02]} d6 {[%clk 1:29:58]} 8. O-O {[%clk 1:28:53]} O-O {[%clk 1:30:06]}
9. c3 {[%clk 1:27:13]} cxd4 {[%clk 1:30:22]} 10. exd4 {[%clk 1:26:41]} a6
{[%clk 1:30:21]} 11. Re1 {[%clk 1:26:10]} Re8 {[%clk 1:30:18]} 12. Bh2
{[%clk 1:25:41]} Nbd7 {[%clk 1:29:54]} 13. a4 {[%clk 1:25:39]} Bf8
{[%clk 1:28:37]} 14. Nc4 {[%clk 1:10:32]} Qc7 {[%clk 1:28:11]} 15. Rc1
{[%clk 1:09:17]} Bc6 {[%clk 1:16:48]} 16. Ncd2 {[%clk 1:01:30]} Qb7
{[%clk 1:07:57]} 17. c4 {[%clk 0:57:18]} Rac8 {[%clk 1:01:56]} 18. b4
{[%clk 0:55:46]} b5 {[%clk 0:53:50]} 19. d5 {[%clk 0:43:20]} exd5
{[%clk 0:53:56]} 20. Rxe8 {[%clk 0:43:42]} Rxe8 {[%clk 0:47:53]} 21. cxb5
{[%clk 0:42:19]} axb5 {[%clk 0:47:55]} 22. Nd4 {[%clk 0:40:38]} Ne5
{[%clk 0:41:48]} 23. Bxe5 {[%clk 0:39:35]} dxe5 {[%clk 0:42:12]} 24. Nxc6
{[%clk 0:40:00]} bxa4 {[%clk 0:42:21]} 25. Qxa4 {[%clk 0:39:07]} e4
{[%clk 0:39:26]} 26. Bf1 {[%clk 0:38:38]} Qc7 {[%clk 0:24:56]} 27. b5
{[%clk 0:37:55]} g6 {[%clk 0:22:19]} 28. Qd4 {[%clk 0:32:53]} Bg7
{[%clk 0:20:43]} 29. b6 {[%clk 0:31:09]} Qd7 {[%clk 0:14:53]} 30. Ne5
{[%clk 0:12:32]} Qf5 {[%clk 0:10:24]} 31. b7 {[%clk 0:12:10]} Nh5
{[%clk 0:08:27]} 32. Rc8 {[%clk 0:11:38]} Rxc8 {[%clk 0:07:41]} 33. bxc8=Q+
{[%clk 0:12:00]} Qxc8 {[%clk 0:08:06]} 34. Qxd5 {[%clk 0:12:22]} Qe8
{[%clk 0:07:19]} 35. Ng4 {[%clk 0:08:16]} Kh8 {[%clk 0:02:57]} 36. Nxe4
{[%clk 0:06:40]} f5 {[%clk 0:01:46]} 37. Nd6 {[%clk 0:06:43]} Nf4
{[%clk 0:01:05]} 38. Qc4 {[%clk 0:06:06]} Qf8 {[%clk 0:00:46]} 39. Nf7+
{[%clk 0:06:14]} 1-0

[Event "11th 4NCL Congress Open"]
[Site "Harben House"]
[Date "2016.11.05"]
[Round "3.3"]
[White "Kalavannan, Koby"]
[Black "Trent, Lawrence"]
[Result "1/2-1/2"]
[BlackElo "2463"]
[WhiteElo "2131"]
[LiveChessVersion "1.4.8"]

1. d4 {[%clk 1:30:58]} Nf6 {[%clk 1:30:54]} 2. c4 {[%clk 1:31:18]} g6
{[%clk 1:31:19]} 3. Nc3 {[%clk 1:31:42]} Bg7 {[%clk 1:31:45]} 4. e4
{[%clk 1:32:06]} d6 {[%clk 1:32:12]} 5. Be2 {[%clk 1:32:32]} O-O {[%clk 1:31:53]}
6. Be3 {[%clk 1:32:57]} a6 {[%clk 1:32:20]} 7. g4 {[%clk 1:24:28]} c5
{[%clk 1:27:13]} 8. g5 {[%clk 1:15:41]} Nfd7 {[%clk 1:27:12]} 9. Nf3
{[%clk 1:13:42]} Nc6 {[%clk 1:22:48]} 10. d5 {[%clk 1:11:21]} Na5
{[%clk 1:23:04]} 11. Rc1 {[%clk 1:08:30]} b5 {[%clk 1:19:56]} 12. b3
{[%clk 1:07:08]} bxc4 13. bxc4 {[%clk 1:07:24]} Rb8 {[%clk 1:18:27]} 14. Nb1
{[%clk 0:59:44]} Rb2 {[%clk 1:17:53]} 15. Rc2 {[%clk 1:00:06]} Qb6
{[%clk 1:18:17]} 16. O-O {[%clk 1:00:29]} Ne5 {[%clk 1:08:48]} 17. Nxe5
{[%clk 0:57:32]} Bxe5 {[%clk 1:09:12]} 18. f4 {[%clk 0:56:47]} Bg7
{[%clk 1:05:54]} 19. Rxb2 {[%clk 0:55:44]} Qxb2 {[%clk 1:04:07]} 20. Qd2
{[%clk 0:56:05]} Bh3 {[%clk 0:44:03]} 21. Qxb2 {[%clk 0:55:21]} Bxb2
{[%clk 0:44:32]} 22. Rd1 {[%clk 0:55:22]} Rb8 {[%clk 0:43:30]} 23. Nd2
{[%clk 0:55:25]} Bd4 {[%clk 0:42:04]} 24. Bxd4 {[%clk 0:53:58]} cxd4
{[%clk 0:42:33]} 25. Nb3 {[%clk 0:53:08]} Nb7 {[%clk 0:36:20]} 26. Rxd4
{[%clk 0:51:52]} Bd7 {[%clk 0:35:48]} 27. Kf2 {[%clk 0:50:22]} a5
{[%clk 0:34:55]} 28. Rd2 {[%clk 0:47:13]} a4 {[%clk 0:34:39]} 29. Nd4
{[%clk 0:47:19]} Nc5 {[%clk 0:35:05]} 30. Ke3 {[%clk 0:47:31]} Rb1
{[%clk 0:34:46]} 31. Bf3 {[%clk 0:32:44]} Kf8 {[%clk 0:28:50]} 32. Nc2
{[%clk 0:21:09]} Bc8 {[%clk 0:24:29]} 33. Na3 {[%clk 0:20:59]} Ra1
{[%clk 0:24:10]} 34. Rb2 {[%clk 0:18:55]} Ba6 {[%clk 0:20:03]} 35. Be2
{[%clk 0:18:39]} Rh1 {[%clk 0:19:54]} 36. Bf3 {[%clk 0:18:49]} Rc1
{[%clk 0:18:39]} 37. Kd2 {[%clk 0:15:52]} Rf1 {[%clk 0:18:01]} 38. Ke2
{[%clk 0:14:48]} Rg1 {[%clk 0:17:38]} 39. Ke3 {[%clk 0:12:47]} Kg7
{[%clk 0:18:01]} 40. Rb1 {[%clk 0:10:43]} Rxb1 41. Nxb1 {[%clk 0:11:13]} Bxc4
{[%clk 0:16:39]} 42. Nc3 {[%clk 0:11:13]} a3 {[%clk 0:08:05]} 43. Nb1
{[%clk 0:11:28]} Bxa2 {[%clk 0:08:28]} 44. Nxa3 {[%clk 0:11:56]} f6
{[%clk 0:07:14]} 45. gxf6+ {[%clk 0:09:58]} Kxf6 {[%clk 0:07:20]} 46. h4
{[%clk 0:09:01]} Bb3 {[%clk 0:07:34]} 47. Nb5 {[%clk 0:09:06]} Ba4
{[%clk 0:07:45]} 48. Nc3 {[%clk 0:08:07]} Bd7 {[%clk 0:08:10]} 49. Kf2
{[%clk 0:08:07]} h6 {[%clk 0:07:53]} 50. Ke3 {[%clk 0:07:49]} Bc8
{[%clk 0:07:19]} 51. Be2 {[%clk 0:07:49]} Bd7 {[%clk 0:07:30]} 52. Bf3
{[%clk 0:08:18]} Bh3 {[%clk 0:07:29]} 53. Nd1 {[%clk 0:07:04]} Bc8
{[%clk 0:07:25]} 54. Be2 {[%clk 0:06:41]} Bh3 {[%clk 0:06:25]} 55. Bf3
{[%clk 0:07:00]} Bf1 {[%clk 0:06:49]} 56. Nc3 {[%clk 0:06:52]} Nb3
{[%clk 0:05:29]} 57. Bd1 {[%clk 0:06:10]} Nc5 {[%clk 0:05:36]} 58. Bf3
{[%clk 0:06:35]} Nd7 {[%clk 0:05:45]} 59. Bg4 {[%clk 0:06:21]} Nc5
{[%clk 0:05:15]} 60. Bf3 {[%clk 0:06:42]} 1/2-1/2